Fisicoquímica
Saved in:
| 主要作者: | |
|---|---|
| 格式: | 圖書 |
| 語言: | 西班牙语 |
| 出版: |
Madrid
McGraw-Hill Interamericana
1991
|
| 版: | 2a. ed |
| 主題: | |
| 標簽: |
添加標簽
沒有標簽, 成為第一個標記此記錄!
|
MARC
| LEADER | 00000nam a2200000 a 4500 | ||
|---|---|---|---|
| 001 | UCW2688 | ||
| 003 | CL-VaPUC | ||
| 008 | 920922e19910000SP |||||||||||||||||spa|d | ||
| 082 | 0 | 4 | |a 539 |b LEV |2 21 |
| 100 | |a Levine, Ira N |e author |9 594201 | ||
| 245 | 1 | 0 | |a Fisicoquímica |
| 250 | |a 2a. ed | ||
| 300 | |a 1092 p | ||
| 942 | |c BK | ||
| 945 | |d 19920922 00:00:00 |a mfernand | ||
| 260 | |a Madrid |b McGraw-Hill Interamericana |c 1991 | ||
| 650 | 0 | |a Fisicoquímica |9 259585 | |
| 583 | |a last modification |c 20171031 11:00:12 |k Rodrigo Vera | ||
| 999 | |c 217176 |d 217174 | ||